Top 10 des joueurs avec le plus de match de LDC - Statistiques

Statistiques générales
  • Ce quiz a été pris 3 202 fois
  • Le résultat moyen est 4 sur 11
Statistiques - réponses
Rang Matchs Joueurs % Correct
2 166 Cristiano Ronaldo
100%
7 135 Lionel Messi
99%
8 132 Andrés Iniesta
48%
3 157 Xavi
45%
1 181 Iker Casillas
40%
10 130 Gianluigi Buffon
32%
6 139 Paolo Maldini
26%
5 144 Raúl
25%
4 151 Ryan Giggs
10%
10 130 Paul Scholes
7%
9 131 Clarence Seedorf
5%
Aucun quiz correspondant
Distribution des résultats
% des personnes avec chaque résultat
Percentile par nombre de réponses
Votre historique - résultats
Vous n’avez pas pris ce quiz